| 000 | 00362nam a22001457a 4500 | ||
|---|---|---|---|
| 008 | 210308b ||||| |||| 00| 0 eng d | ||
| 020 | _a9780619016951 | ||
| 041 | _aeng | ||
| 080 | _a004 | ||
| 082 | _a004 | ||
| 100 | _a35 | ||
| 101 | _aSHKI | ||
| 245 |
_aDesigning a Mircrosoft Windows 2000 Network Infrastructure Lab Manual _cStewart,M.J |
||
| 942 |
_2udc _cBK |
||
| 999 |
_c55997 _d55997 |
||